[Event "GER-ch Net qual4 U14"]
[Site "Playchess.com INT"]
[Date "2012.09.12"]
[Round "7"]
[White "Mager, Denis"]
[Black "Bach, Jannik"]
[Result "0-1"]
[WhiteElo "1721"]
[BlackElo "1717"]
[PlyCount "98"]
[EventDate "2012.09.12"]
[EventType "swiss (blitz)"]
[EventRounds "7"]
[EventCountry "GER"]
[SourceTitle "CBM 150 Extra"]
[Source "ChessBase"]
[SourceDate "2012.10.19"]
[SourceVersion "1"]
[SourceVersionDate "2012.10.19"]
[SourceQuality "1"]

1. d4 Nf6 2. c4 e6 3. Nc3 Bb4 4. Bd2 d5 5. e3 c5 6. a3 Bxc3 7. bxc3 Nc6 8. Nf3 b6 9. Be2 0-0 10. 0-0 Qe7 11. cxd5 exd5 12. Re1 Ne4 13. Qc2 Bf5 14. Bd3 c4 15. Bxe4 Bxe4 16. Qb2 Na5 17. Qb4 Rfe8 18. Ne5 f6 19. Nf3 Nb3 20. Ra2 Qe6 21. Rf1 Qc6 22. a4 a5 23. Qa3 Qe6 24. Ne1 Bb1 25. Rb2 Bg6 26. f3 f5 27. g3 Nxd2 28. Rxd2 Qxe3+ 29. Rdf2 f4 30. Ng2 Qe7 31. Nxf4 Qxa3 32. Nxd5 Qd6 33. Nf4 Bd3 34. Rd1 Re3 35. Kg2 Rae8 36. h4 h6 37. h5 Qc6 38. Rdd2 Qxa4 39. Nd5 Re2 40. Nxb6 Rxf2+ 41. Rxf2 Qb5 42. Nxc4 Qxc4 43. g4 Qxc3 44. d5 Qe5 45. d6 Qxd6 46. Kh3 Re2 47. Rxe2 Bxe2 48. Kg2 Qf4 49. Kg1 Qxf3 0-1

[Event "GER-chT North U16"]
[Site "Berlin"]
[Date "2012.09.07"]
[Round "4.2"]
[White "Bach, Jannik"]
[Black "Pommerenke, Birger"]
[Result "1-0"]
[WhiteElo "1884"]
[BlackElo "1814"]
[PlyCount "83"]
[EventDate "2012.09.06"]
[EventType "team-swiss"]
[EventRounds "7"]
[EventCountry "GER"]
[SourceTitle "EXT 2015"]
[Source "ChessBase"]
[SourceDate "2014.11.20"]
[SourceVersion "1"]
[SourceVersionDate "2014.11.20"]
[SourceQuality "1"]
[WhiteTeam "Lingen"]
[BlackTeam "Luebeck"]
[WhiteTeamCountry "GER"]
[BlackTeamCountry "GER"]

1. e4 e5 2. Nf3 Nc6 3. Bc4 Bc5 4. c3 Nf6 5. d3 h6 6. 0-0 d6 7. a4 Bb6 8. Nbd2 Bg4 9. Re1 0-0 10. Nf1 a6 11. Be3 Nd7 12. Ba2 Qf6 13. N1d2 Rad8 14. h3 Bh5 15. g4 Bg6 16. Nc4 Bxe3 17. Nxe3 Nc5 18. Nd5 Qe6 19. b4 Nd7 20. Nxc7 Qe7 21. Nd5 Qe8 22. Nh4 Bh7 23. Nf5 Bxf5 24. gxf5 Kh7 25. Kh2 Nf6 26. Nxf6+ gxf6 27. Qh5 Rd7 28. Rg1 Nd8 29. Qh4 Rc7 30. Qxf6 Rg8 31. Rxg8 Qxg8 32. Rg1 Qf8 33. Bb3 Rxc3 34. Bd1 Rc1 35. b5 axb5 36. axb5 b6 37. d4 exd4 38. Qxd4 Nb7 39. f6 d5 40. Rg7+ Kh8 41. Qe3 Qd6+ 42. e5 1-0

[Event "GER-chT North U16"]
[Site "Berlin"]
[Date "2012.09.06"]
[Round "1.2"]
[White "Schmekel, Florian"]
[Black "Bach, Jannik"]
[Result "0-1"]
[WhiteElo "1743"]
[BlackElo "1884"]
[PlyCount "56"]
[EventDate "2012.09.06"]
[EventType "team-swiss"]
[EventRounds "7"]
[EventCountry "GER"]
[SourceTitle "EXT 2015"]
[Source "ChessBase"]
[SourceDate "2014.11.20"]
[SourceVersion "1"]
[SourceVersionDate "2014.11.20"]
[SourceQuality "1"]
[WhiteTeam "Torgelow"]
[BlackTeam "Lingen"]
[WhiteTeamCountry "GER"]
[BlackTeamCountry "GER"]

1. d4 Nf6 2. c4 e6 3. Nf3 b6 4. Bg5 Bb7 5. Nc3 Bb4 6. Qc2 h6 7. Bxf6 Qxf6 8. e4 Qg6 9. Nd2 Nc6 10. Nb3 e5 11. 0-0-0 Nxd4 12. Nxd4 exd4 13. Nb5 Bxe4 14. Bd3 Bxd3 15. Qxd3 Qxd3 16. Rxd3 Kd8 17. Rxd4 a6 18. Nc3 Bxc3 19. bxc3 Re8 20. Rhd1 d6 21. R1d2 Kd7 22. Kc2 Re6 23. Rg4 g6 24. f4 Rae8 25. Rh4 h5 26. f5 Rf6 27. Rf2 Re5 28. Rff4 g5 0-1

[Event "GER-ch Net qual1 U14"]
[Site "Playchess.com INT"]
[Date "2012.09.01"]
[Round "3"]
[White "Schroeder, Jan Christian"]
[Black "Bach, Jannik"]
[Result "1-0"]
[WhiteElo "2054"]
[BlackElo "1798"]
[PlyCount "95"]
[EventDate "2012.09.01"]
[EventType "swiss (blitz)"]
[EventRounds "7"]
[EventCountry "GER"]
[SourceTitle "CBM 150 Extra"]
[Source "ChessBase"]
[SourceDate "2012.10.19"]
[SourceVersion "1"]
[SourceVersionDate "2012.10.19"]
[SourceQuality "1"]

1. d4 Nf6 2. c4 e6 3. Nf3 b6 4. Nc3 Bb4 5. Qc2 Bb7 6. a3 Bxc3+ 7. Qxc3 d5 8. e3 Nbd7 9. Be2 c5 10. 0-0 0-0 11. b4 Qc7 12. Bb2 Rac8 13. Rac1 Rfd8 14. dxc5 bxc5 15. cxd5 Bxd5 16. Ne5 Nxe5 17. Qxe5 Qxe5 18. Bxe5 cxb4 19. axb4 Nd7 20. Bd4 Nb6 21. Ba6 Rc6 22. Rxc6 Bxc6 23. Rc1 Be4 24. f3 Bd5 25. Rc7 Bb3 26. Rxa7 Nd5 27. b5 e5 28. Bc5 Nc3 29. b6 Rd1+ 30. Kf2 Rd2+ 31. Kg3 Bd5 32. b7 Bxb7 33. Rxb7 h6 34. Re7 f6 35. h4 h5 36. Bb4 Ne2+ 37. Bxe2 Rxe2 38. e4 Kh7 39. Rd7 Kg6 40. Bf8 f5 41. Rxg7+ Kf6 42. exf5 Kxf5 43. Rg5+ Kf6 44. Bg7+ Kf7 45. Bxe5 Ke6 46. Kf4 Ra2 47. Rxh5 Ra4+ 48. Kg3 1-0

[Event "Lingen op 4th"]
[Site "Lingen"]
[Date "2012.07.21"]
[Round "3"]
[White "Hansen, Victor"]
[Black "Bach, Jannik"]
[Result "1-0"]
[WhiteElo "2112"]
[BlackElo "1848"]
[PlyCount "65"]
[EventDate "2012.07.20"]
[EventType "swiss"]
[EventRounds "5"]
[EventCountry "GER"]
[SourceTitle "EXT 2013"]
[Source "ChessBase"]
[SourceDate "2012.11.22"]
[SourceVersion "1"]
[SourceVersionDate "2012.11.22"]
[SourceQuality "1"]

1. e4 c6 2. d4 d5 3. exd5 cxd5 4. Bd3 Nf6 5. c3 Nc6 6. Bf4 g6 7. h3 Bg7 8. Nf3 Bf5 9. Bxf5 gxf5 10. Ne5 Qb6 11. Qe2 Ne4 12. Na3 Nxe5 13. dxe5 0-0 14. f3 Nc5 15. Rd1 Ne6 16. Be3 Qc6 17. f4 Nc5 18. Nc2 Ne4 19. Nb4 Qe6 20. Qf3 Rfd8 21. g4 Qh6 22. gxf5 e6 23. Rg1 Qh4+ 24. Ke2 Kh8 25. f6 Nxf6 26. exf6 Bxf6 27. Nd3 Rac8 28. Rg4 Qh6 29. Ne5 Qf8 30. Rdg1 Qe7 31. Bd4 Rf8 32. Rh4 Bxh4 33. Ng6+ 1-0

[Event "GER-ch U14"]
[Site "Oberhof"]
[Date "2012.06.02"]
[Round "9"]
[White "Grigorian, Spartak"]
[Black "Bach, Jannik"]
[Result "1-0"]
[WhiteElo "2145"]
[BlackElo "1824"]
[PlyCount "111"]
[EventDate "2012.05.27"]
[EventType "swiss"]
[EventRounds "9"]
[EventCountry "GER"]
[SourceTitle "CBM 148 Extra"]
[Source "ChessBase"]
[SourceDate "2012.06.22"]
[SourceVersion "1"]
[SourceVersionDate "2012.06.22"]
[SourceQuality "1"]

1. e4 c6 2. d4 d5 3. Nd2 dxe4 4. Nxe4 Bf5 5. Ng3 Bg6 6. N1e2 e6 7. Nf4 Bd6 8. c3 Qh4 9. Qf3 Nf6 10. Bc4 Nd5 11. Nh3 h6 12. 0-0 0-0 13. Re1 Nd7 14. Bd3 Bxd3 15. Qxd3 N7f6 16. Ne4 Bc7 17. Qf3 Ng4 18. Ng3 Ngf6 19. Bd2 a5 20. Re2 Rfd8 21. Rae1 Rac8 22. Kh1 g5 23. Qd3 c5 24. Ng1 Nf4 25. Bxf4 gxf4 26. Nf3 Qg4 27. Ne4 Nd7 28. Qb5 Qg6 29. dxc5 Nf6 30. Nxf6+ Qxf6 31. Qxb7 Qe7 32. b4 axb4 33. cxb4 Rb8 34. Qe4 Qe8 35. a3 Qa4 36. Nd4 Rd5 37. Nxe6 Re5 38. Qxf4 Rxe6 39. Qxc7 Rxe2 40. Qxb8+ Kh7 41. Rg1 Rxf2 42. Qg3 Qc2 43. h3 Rf6 44. Re1 Rg6 45. Qf3 Qa2 46. Rf1 f5 47. Rd1 Qc2 48. Rd7+ Kh8 49. Rd6 Rxd6 50. cxd6 Qd2 51. Qg3 Kh7 52. Qe5 Qd3 53. Kh2 Qxa3 54. Qxf5+ Kg7 55. Qe5+ Kg6 56. d7 1-0

[Event "GER-ch U14"]
[Site "Oberhof"]
[Date "2012.06.01"]
[Round "8"]
[White "Bach, Jannik"]
[Black "Schroeder, Jan Christian"]
[Result "1/2-1/2"]
[WhiteElo "1824"]
[BlackElo "2282"]
[PlyCount "81"]
[EventDate "2012.05.27"]
[EventType "swiss"]
[EventRounds "9"]
[EventCountry "GER"]
[SourceTitle "CBM 148 Extra"]
[Source "ChessBase"]
[SourceDate "2012.06.22"]
[SourceVersion "1"]
[SourceVersionDate "2012.06.22"]
[SourceQuality "1"]

1. e4 e5 2. Nf3 Nc6 3. Bc4 Nf6 4. Ng5 d5 5. exd5 Na5 6. Bb5+ c6 7. dxc6 bxc6 8. Bd3 Be7 9. Nc3 h6 10. Nf3 Bd6 11. 0-0 0-0 12. Re1 Qc7 13. Bf1 Bg4 14. h3 Bh5 15. d3 Rad8 16. g4 Bg6 17. Nh4 Bh7 18. Bg2 Nd5 19. Nf5 Nxc3 20. bxc3 Bxf5 21. gxf5 Be7 22. Qg4 Kh8 23. Be3 Bf6 24. Be4 Rb8 25. Rab1 Rb5 26. Rb4 Rfb8 27. Reb1 a6 28. a4 R5b7 29. Qh5 Kh7 30. Bc5 Rxb4 31. Rxb4 Nb7 32. Bb6 Qd7 33. Qf3 Rc8 34. Rc4 Nd6 35. Rc5 Nxe4 36. Qxe4 Qd6 37. a5 Kg8 38. Kg2 Qd7 39. Kh2 Be7 40. Rc4 Bd6 41. Kg2 1/2-1/2